Dyscypliny polskich sportowców [Test] #2 - Statystyki

Ogólne statystyki
  • Ten quiz został rozwiązany 231 razy
  • Średni wynik to 12 z 15
Statystyki odpowiedzi
Zagadnienie Odpowiedź % Poprawnych
Mariusz Czerkawski Hokej na lodzie
100%
Paweł Fajdek Rzut młotem
92%
Piotr Lisek Skok o tyczce
92%
Ewa Swoboda Sprint
92%
Tomasz Gollob Żużel
92%
Leszek Blanik Gimnastyka sportowa
83%
Zbigniew Bródka Łyżwiarstwo szybkie
83%
Maria Andrejczyk Rzut oszczepem
83%
Małgorzata Glinka Siatkówka
83%
Natalia Partyka Tenis stołowy
83%
Mateusz Kusznierewicz Żeglarstwo
83%
Joanna Fiodorow Rzut młotem
67%
Renata Mauer-Różańska Strzelectwo
67%
Kamila Lićwinko Skok wzwyż
58%
Paweł Korzeniowski Pływanie
42%
Nie znaleziono quizów pasujących do podanych kryteriów
Rozkład punktacji
Procent ludzi z każdym wynikiem
Percentyl według liczby udzielonych odpowiedzi
Twoja historia wyników
Nie rozwiązałeś tego quizu